[Event "ITA-ch (Women)"]
[Site "Bratto"]
[Date "2005.08.25"]
[Round "6"]
[White "Borsato, Chiara"]
[Black "Zanaboni, Alessandra"]
[Result "0-1"]
[WhiteElo "1649"]
[BlackElo "1599"]
[PlyCount "86"]
[EventDate "2005.08.20"]
[EventType "swiss"]
[EventRounds "9"]
[EventCountry "ITA"]
[SourceTitle "CBM 108 Extra"]
[Source "ChessBase"]
[SourceDate "2005.11.04"]
[SourceVersion "1"]
[SourceVersionDate "2005.11.04"]
[SourceQuality "1"]

1. e4 c5 2. Nf3 d6 3. Nc3 Nf6 4. d3 e6 5. Be2 Be7 6. Be3 Nc6 7. 0-0 0-0 8. Re1 a6 9. d4 cxd4 10. Bxd4 b5 11. a3 Qc7 12. Bxf6 Bxf6 13. Rb1 Bxc3 14. bxc3 Rd8 15. Bd3 Na5 16. Qd2 Bb7 17. Nd4 Rac8 18. Nb3 Nc6 19. Kh1 Ne5 20. f4 Nxd3 21. cxd3 Qxc3 22. Qxc3 Rxc3 23. Red1 f5 24. exf5 exf5 25. h3 Re8 26. Rd2 Re3 27. Nd4 g6 28. Rb3 Rxh3+ 29. Kg1 Rc1+ 30. Kf2 Rh2 31. Ke3 Re1+ 32. Ne2 Rxg2 33. Rbb2 h5 34. Rbc2 h4 35. Rc7 Bd5 36. Rd7 h3 37. Rd8+ Kg7 38. Rd7+ Bf7 39. Kf3 Rgxe2 40. Rxe2 Rxe2 41. Rc7 h2 42. Rc1 Ra2 43. Kg3 Bd5 0-1

[Event "ITA-ch (Women)"]
[Site "Bratto"]
[Date "2005.08.20"]
[Round "1"]
[White "Borsato, Chiara"]
[Black "Sautto, Alessandra"]
[Result "0-1"]
[WhiteElo "1649"]
[BlackElo "1958"]
[PlyCount "66"]
[EventDate "2005.08.20"]
[EventType "swiss"]
[EventRounds "9"]
[EventCountry "ITA"]
[SourceTitle "CBM 108 Extra"]
[Source "ChessBase"]
[SourceDate "2005.11.04"]
[SourceVersion "1"]
[SourceVersionDate "2005.11.04"]
[SourceQuality "1"]

1. e4 e6 2. d4 d5 3. exd5 exd5 4. Nf3 Bd6 5. Nc3 c6 6. Be2 Bf5 7. Be3 Nf6 8. Bd3 Ne4 9. Bxe4 dxe4 10. Nd2 Qe7 11. Qh5 Bg6 12. Qe2 Nd7 13. a3 0-0 14. 0-0 f5 15. b4 f4 16. Bxf4 Bxf4 17. Ndxe4 Bxe4 18. Nxe4 Rae8 19. Rae1 Kh8 20. f3 Qf7 21. c4 Nb6 22. c5 Nd5 23. Rf2 Be3 24. Qc2 Bxf2+ 25. Qxf2 Qe7 26. Kf1 Nf6 27. Nd6 Qxe1+ 28. Qxe1 Rxe1+ 29. Kxe1 b6 30. g4 Kg8 31. Kf2 Nxg4+ 32. Kg3 Ne3 33. cxb6 axb6 0-1

[Event "ITA-ch (Women)"]
[Site "Porto San Giorgio"]
[Date "2004.08.27"]
[Round "8"]
[White "Negri, Ornella"]
[Black "Borsato, Chiara"]
[Result "0-1"]
[WhiteElo "1700"]
[BlackElo "1658"]
[PlyCount "26"]
[EventDate "2004.08.20"]
[EventType "swiss"]
[EventRounds "9"]
[EventCountry "ITA"]
[SourceTitle "EXT 2005"]
[Source "ChessBase"]
[SourceDate "2004.11.15"]
[SourceVersion "1"]
[SourceVersionDate "2004.11.15"]
[SourceQuality "1"]

1. e4 g6 2. d4 Bg7 3. Nc3 d6 4. Be2 Nf6 5. Be3 0-0 6. Qd2 Re8 7. 0-0-0 c6 8. Bh6 Bh8 9. f3 b5 10. a3 a5 11. Na2 b4 12. axb4 axb4 13. Nxb4 Ra1# 0-1

[Event "ITA-ch (Women)"]
[Site "Porto San Giorgio"]
[Date "2004.08.25"]
[Round "6"]
[White "Reginato, Sabrina"]
[Black "Borsato, Chiara"]
[Result "1-0"]
[WhiteElo "1553"]
[BlackElo "1658"]
[PlyCount "79"]
[EventDate "2004.08.20"]
[EventType "swiss"]
[EventRounds "9"]
[EventCountry "ITA"]
[SourceTitle "EXT 2005"]
[Source "ChessBase"]
[SourceDate "2004.11.15"]
[SourceVersion "1"]
[SourceVersionDate "2004.11.15"]
[SourceQuality "1"]

1. e4 g6 2. d4 Bg7 3. Be3 d6 4. Nc3 Nf6 5. Be2 0-0 6. f3 c6 7. Qd2 b5 8. 0-0-0 b4 9. Nb1 a5 10. g4 Ba6 11. h4 Nbd7 12. Bh6 c5 13. h5 c4 14. hxg6 fxg6 15. Bxg7 Kxg7 16. Qh6+ Kf7 17. e5 Rh8 18. exf6 Nxf6 19. Qf4 Kg7 20. d5 Qb6 21. Qd4 Qb7 22. g5 b3 23. gxf6+ exf6 24. axb3 cxb3 25. Bxa6 Qc7 26. Bc4 a4 27. cxb3 axb3 28. Na3 Rhb8 29. Rh2 Rb4 30. Qh4 h5 31. Rd4 Rxa3 32. bxa3 Qa5 33. axb4 Qa1+ 34. Kd2 b2 35. Bd3 Qc1+ 36. Ke2 b1Q 37. Bxb1 Qb2+ 38. Rd2 Qxb1 39. Nh3 Qf5 40. Qe4 1-0